Dobhang

Bibliographic Details
Main Author: Galambosi, László 1928- (Author)
Format: Article
Language:Hungarian
Slovak
Subjects:

MARC

LEADER 00000nab a2200000 a 4500
001 vtls000639880
003 SK-MaSNL
005 20260303215932.0
008 160314c1997 xo 0 hun
015 |a SNBRB19rr/mm-uuuuu 
035 |a CL0640019 
040 |a SNKBUCL  |b slo  |c SNKBUCL  |e AACR2 
041 0 |a slo 
044 |a xo  |c SK 
080 |a 894.511-1(087.5)=945.11  |2 1981 
100 1 |a Galambosi, László  |d 1928-  |4 aut  |9 910543 
245 1 0 |a Dobhang  |c László Galambosi 
650 0 7 |a naratívne básne  |2 snkbucl  |9 56217 
773 0 |t Vasárnap  |g Roč. 30, č. 42 (1997), s. 10 
850 |a Slovenská národná knižnica v Martine  |a DSG001 
852 |a SNK  |b KIS3GCP 
958 |a HU 
958 |a LX 
958 |a NX 
958 |a RK 
958 |a RBX 
999 |c 2224113  |d 2226043